Review of Data Provision to the Fund for Surveillance Purposes.

This paper reviews how well members are providing the data the Fund needs, how well staff is handling issues of data inadequacy, and how the Fund's data needs are evolving. The aim is to identify possible ways of improving data provision or, where data provision can only improve as the result o...

Täydet tiedot

Bibliografiset tiedot
Yhteisötekijä: International Monetary Fund
Aineistotyyppi: Aikakauslehti
Kieli:English
Julkaistu: Washington, D.C. : International Monetary Fund, 2008.
Sarja:Policy Papers; Policy Paper ; No. 2008/016
Linkit:Full text available on IMF
LEADER 01418cas a2200241 a 4500
001 AALejournalIMF020012
008 230101c9999 xx r poo 0 0eng d
020 |c 5.00 USD 
020 |z 9781498334846 
022 |a 2663-3493 
040 |a BD-DhAAL  |c BD-DhAAL 
110 2 |a International Monetary Fund. 
245 1 0 |a Review of Data Provision to the Fund for Surveillance Purposes. 
264 1 |a Washington, D.C. :  |b International Monetary Fund,  |c 2008. 
300 |a 1 online resource (32 pages) 
490 1 |a Policy Papers 
500 |a <strong>Off-Campus Access:</strong> No User ID or Password Required 
500 |a <strong>On-Campus Access:</strong> No User ID or Password Required 
506 |a Electronic access restricted to authorized BRAC University faculty, staff and students 
520 3 |a This paper reviews how well members are providing the data the Fund needs, how well staff is handling issues of data inadequacy, and how the Fund's data needs are evolving. The aim is to identify possible ways of improving data provision or, where data provision can only improve as the result of protracted capacity building, to ensure that surveillance takes due account of data inadequacies. 
538 |a Mode of access: Internet 
830 0 |a Policy Papers; Policy Paper ;  |v No. 2008/016 
856 4 0 |z Full text available on IMF  |u http://elibrary.imf.org/view/journals/007/2008/016/007.2008.issue-016-en.xml  |z IMF e-Library